Country Chain Quiz #2 - Statistics

General Stats
  • This quiz has been taken 831 times
  • The average score is 13 of 24
Answer Stats
Hint Answer % Correct
Pha That Luang; currency: Kip LAOS
87%
Lumbini - birthplace of Siddhartha Gautama (Buddha); about 80% hinduists NEPAL
86%
federal republic, Belvedere, Franz Schubert AUSTRIA
82%
Caucasus Mountains; Caspian Sea; Shakhriyar Mamedyarov AZERBAIJAN
79%
63 islands; official languages: English, Malay, Mandarin, Tamil; area: 718.3 km2 SINGAPORE
77%
Eurafrasian; Naguib Mahfouz EGYPT
68%
area: 26 km2; Funafuti; drives on the left; traditional dances fatele, fakanau and fakaseasea TUVALU
66%
constitutional principality; motto: "Für Gott, Fürst und Vaterland"; largest city: Schaan LIECHTENSTEIN
63%
has been participating in the Eurovision Song Contest since 1973 (and has won 3 times); Amos Oz; The Six-Day War ISRAEL
62%
Asa Koma ("Red Hill"); Futuh Al-Habash; official languages: French, Arabic; recognised national languages: Somali, Afar DJIBOUTI
59%
Æthelstan; popular food: kippers; Y Gododdin UNITED KINGDOM
59%
Sahel; motto: "Un peuple, un but, une foi"; area: 1,240,192 km2; landlocked; Toumani Diabaté MALI
58%
Jassim bin Mohammed Al Thani; the 2022 FIFA World Cup QATAR
58%
Carrauntoohil; anthem: "Amhrán na bhFiann" ("The Soldiers' Song"); about 84% people are Roman Catholics IRELAND
55%
anthem: "Wilhelmus"; Epica, Within Temptation; Floor Jansen; Erasmus NETHERLANDS
55%
The Cherry Orchard; Balalaika RUSSIA
49%
Ziggurat of Ur; maqam; OPEC IRAQ
48%
94.5% Melanesian; Pijin language; member of the Commonwealth SOLOMON ISLANDS
41%
Gilbert Islands; Bokikokiko; Treaty of Tarawa KIRIBATI
40%
Motto: "Dios, Patria, Libertad"; Merengue; Sancocho, the D.R. DOMINICAN REPUBLIC
36%
Tomáš Garrigue Masaryk; lenses; Thirty Years' War; The Good Soldier Švejk (Schweik) CZECH REPUBLIC
35%
used to be a part of the Kalmar Union; the first country to legalize registered partnerships DENMARK
32%
absolute monarchy; drives on the left; anthem: Nkulunkulu Mnikati wetibusiso temaSwati; Umhlanga (Reed Dance) SWAZILAND
31%
Tibesti Mountains; largest ethnic group: Sara; Idriss Déby; the kakaki CHAD
23%
No matching quizzes found
Score Distribution
Percent of People with Each Score
Percentile by Number Answered
Your Score History
You have not taken this quiz